| 000 | 00851cam a22002891i 4500 | ||
|---|---|---|---|
| 001 | l 53000146 | ||
| 003 | DLC | ||
| 005 | 20260227111543.0 | ||
| 008 | 860506s1953 dcu f000 0 eng | ||
| 010 | _al 53000146 | ||
| 035 | _a(OCoLC)13533759 | ||
| 040 |
_aDLC _cWM _dDLC |
||
| 042 | _apremarc | ||
| 050 | 0 | 0 |
_aHD6093 _b.A35 no. 246 |
| 082 | 0 | 0 | _a362.71 |
| 100 | 1 | _aPidgeon, Mary Elizabeth. | |
| 245 | 1 | 0 | _aEmployed mothers and child care. |
| 260 |
_aWashington D.C. : _bU.S. Govt. Print. Off., _c1953. |
||
| 300 |
_a92 p. ; _c24 cm. |
||
| 490 | 0 |
_aBulletin of the Women's Bureau ; _vno. 246 |
|
| 650 | 0 | _aDay care centers. | |
| 650 | 0 |
_aDay care centers _zUnited States. |
|
| 650 | 0 |
_aWomen _xEmployment _zUnited States. |
|
| 650 | 0 | _aMothers. | |
| 650 | 0 |
_aMarried women _xEmployment. |
|
| 650 | 0 |
_aMothers _xEmployment _zUnited States. |
|
| 999 |
_c36811 _d36811 |
||